00810 a2200205 4500003000500000005001700005040000900022082001000031100003700041245009400078260003100172300001600203505020100219538002900420650001400449651001100463942000800474999001900482952010300501Nust20170207153205.0 cNust a005.1 aKhan, Muhammad Asghar (MSCS-9) aEfficient data storage of dynamically grouped continual queriescMuhammad Asghar Khan  bMCS,NUSTc2005aRawalpindi aix, 71, p.; aIntroduction (page-1) Background study (page-6) Related work (page-12) System architecture (page-17) System execution model (page-27) System aluation (page-54) Conclusion and future work (page-62) aAlmirah No 73 Shelf No 1 aPG Thesis aMSCS-9 cTHS c181179d181179 00102ddc40708NFICaMCSbMCSd2016-12-12l0o005.1 KHApMCSTCS-52r2016-12-08w2016-12-12yBK